Synchrotron Radiation : (Record no. 584942)

MARC details
000 -LEADER
fixed length control field 00510nam a2200193 a 4500
008 - FIXED-LENGTH DATA ELEMENTS--GENERAL INFORMATION
fixed length control field 250902s2003##################000#0#eng##
020 ## - INTERNATIONAL STANDARD BOOK NUMBER
ISBN 9783540433927
082 04 - DEWEY DECIMAL CLASSIFICATION NUMBER
Classification number 539.73
Item number WIE
100 1# - MAIN ENTRY--AUTHOR NAME
Personal name Wiedemann, Helmut,
245 10 - TITLE STATEMENT
Title Synchrotron Radiation :
260 ## - PUBLICATION, DISTRIBUTION, ETC. (IMPRINT)
Name of publisher Springer Science & Business Media,
Year of publication 2003.
300 ## - PHYSICAL DESCRIPTION
Number of Pages 292 pages
650 #0 - SUBJECT ADDED ENTRY--TOPICAL TERM
Topical Term Science.
942 ## - ADDED ENTRY ELEMENTS (KOHA)
Koha item type English Books
Holdings
Withdrawn status Lost status Damaged status Not for loan Home library Current library Shelving location Date acquired Full call number Accession Number Price effective from Koha item type
        Anna Centenary Library Anna Centenary Library 5TH FLOOR, A WING 02.09.2025 539.73 WIE 209002 02.09.2025 English Books

Find us on the map